Inbound kontra outbound marketingstratégiák szerepének vizsgálata a hazai fogyasztói igények tükrében

Bibliográfiai részletek
Szerző: Németh Orsolya
További közreműködők: Harsányi Dr. Dávid
Dokumentumtípus: Diplomadolgozat
Kulcsszavak:Inbound marketing
Marketingstartégia
Outbound marketing
Online Access:http://dolgozattar.uni-bge.hu/10037

MARC

LEADER 00000nta a2200000 i 4500
001 dolg10037
005 20221011133347.0
008 170428suuuu hu om 000 hun d
040 |a BGE Dolgozattár Repozitórium  |b hun 
041 |a hu 
100 1 |a Németh Orsolya 
245 1 0 |a Inbound kontra outbound marketingstratégiák szerepének vizsgálata a hazai fogyasztói igények tükrében  |c Németh Orsolya  |h [elektronikus dokumentum] 
695 |a Inbound marketing 
695 |a Marketingstartégia 
695 |a Outbound marketing 
700 1 |a Harsányi Dr. Dávid  |e ths 
856 4 0 |u http://dolgozattar.uni-bge.hu/10037/1/Diplomamunka_Nemeth_Orsolya.pdf  |z Dokumentum-elérés